Top 10 Strawberry Exporting Countries - Statistics

General Stats
  • This quiz has been taken 73 times
  • The average score is 7 of 10
Answer Stats
$ Millions Answer % Correct
2 473 United States
97%
1 634 Spain
91%
10 42 Italy
87%
3 419 Mexico
83%
9 42 Germany
77%
4 306 Netherlands
54%
5 185 Belgium
51%
6 90 Egypt
50%
7 50 Morocco
46%
8 43 South Korea
14%
No matching quizzes found
Score Distribution
Percent of People with Each Score
Percentile by Number Answered
Your Score History
You have not taken this quiz